Fluktuácia zamestnancov diplomová práca

Na minha lista:
Detalhes bibliográficos
Autor principal: Adamová, Marcela
Autor Corporativo: Podnikovohospodárska fakulta EU so sídlom v Košiciach. Katedra manažmentu
Outros Autores: Olexová, Cecília, 1976-
Formato: Livro
Idioma:eslovaco
Publicado em: Košice 2012
Tags: Adicionar Tag
Sem tags, seja o primeiro a adicionar uma tag!

MARC

LEADER 00000nbm a2200000 4500
001 0153113
005 20161109102049.0
041 0 |a slo 
044 |a SK 
245 1 0 |a Fluktuácia zamestnancov  |b diplomová práca  |c Marcela Adamová ; školiteľ: Cecília Olexová 
264 1 |a Košice  |c 2012 
300 |a 67 s. 
100 1 |a Adamová, Marcela 
700 1 |a Olexová, Cecília, 1976- 
710 2 |a Podnikovohospodárska fakulta EU so sídlom v Košiciach. Katedra manažmentu